Теория нелинейных систем автоматического регулирования и управления: учебное пособие

ग्रंथसूची विवरण
मुख्य लेखक: Попов Е. П. Евгений Павлович
भाषा:रूसी
प्रकाशित: Москва, Наука, 1979
विषय:
स्वरूप: पुस्तक
KOHA link:https://koha.lib.tpu.ru/cgi-bin/koha/opac-detail.pl?biblionumber=33871

MARC

LEADER 00000nam0a2200000 4500
001 33871
005 20231030220818.0
035 |a (RuTPU)RU\TPU\book\34242 
035 |a BOOK00000893 
090 |a 33871 
100 |a 20011210d1979 m y0rusy50 ca 
101 0 |a rus 
102 |a RU 
105 |a y j 000zy 
200 1 |a Теория нелинейных систем автоматического регулирования и управления  |e учебное пособие  |f Е. П. Павлов 
210 |a Москва  |c Наука  |d 1979 
215 |a 255 с. 
610 1 |a сварочные процессы 
610 1 |a автоматизация 
610 1 |a нелинейные системы управления 
610 1 |a автоматическое регулирование 
610 1 |a теория 
610 1 |a учебные пособия 
675 |a 681.511.4(075.8)  |v 3 
700 1 |a Попов  |b Е. П.  |g Евгений Павлович 
801 0 |a RU  |b 63413507  |c 20011210  |g PSBO 
801 2 |a RU  |b 63413507  |c 20210211  |g PSBO 
900 |a Автоматизация сварочных процессов 
900 |a Основы автоматического управления 
900 |a Теория автоматического управления 
942 |c BK